[Sermones dominicales perutiles a quodam, fratre hungaro ordis minorum de obseruantia comportati Biga salutis intitulati feliciter incipiunt]

Bibliographic Details
Main Author: Osvaldus de Lasko, 1450-1511 (Author)
Corporate Author: Gran, Heinrich (Haguenau, Francúzsko) (Printer)
Format: Book
Language:Latin
PhysicalDescription:c8-gg8 fólií zachovaných 4°, 20 cm
Published: [Hagenau] [Johannis Rymann] [Mccccxcviij] (22.1.1498)
Subjects:

MARC

LEADER 00000nam a2200000 4500
001 vtls011919837
003 SK-MaSNL
005 20260301225419.0
008 251112s1498 fr 001 s lat
015 |a SNBHFA 
035 |a urn:nbn:sk:snk-am00g41w 
035 |a urn:nbn:sk:snk-am3iw9w 
035 |a 5F0CC7CF-DEA6-4020-B33A-766A5550E54B 
038 |a SNKHF 
040 |a SNK  |b slo  |c SNK  |e rda 
041 0 |a lat 
044 |a fr  |c FR 
072 7 |a 2-1  |x Prirodzená teológia. Náboženská filozofia  |2 konspekt 
080 |a 2-1  |2 2011 
080 |a (0:82-5)  |2 2011 
100 0 |a Osvaldus de Lasko,  |d 1450-1511  |4 aut  |9 441116 
240 1 |a Sermones dominicales Biga salutis nuncipati 
245 1 1 |a [Sermones dominicales perutiles a quodam, fratre hungaro ordis minorum de obseruantia comportati Biga salutis intitulati feliciter incipiunt] 
264 1 |a [Hagenau]  |b [Johannis Rymann]  |c [Mccccxcviij] (22.1.1498) 
264 3 |a [Hagenau]  |b [Henricus Gran]  |c [Mccccxcviij] (22.1.1498) 
300 |a c8-gg8 fólií zachovaných  |c 4°, 20 cm 
336 |a text  |b txt  |2 rdacontent 
337 |a bez média  |b n  |2 rdamedia 
338 |a zväzok  |b nc  |2 rdacarrier 
500 |a Text písaný v dvoch stĺpcoch, živé záhlavie, rubriky sčasti vyplnené červeným atramentom 
510 4 |a Kotvan  |c 903 
510 4 |a Kotvan-Frimmová  |c 371 
510 4 |a ISTC  |c io00117400 
510 4 |a BSB-Ink  |c O-99,4 
510 4 |a GW  |c M23202 
550 |a Tlačiarenské a názvové údaje doplnené podľa elektronického faksimile na stránke Bayerische StaatsBibliothek (signatúra BSB-Ink O-99,4) 
561 |a Na druhom liste rukopisný posesorský záznam: Sermnes Ecclesiae Csik Szent Gyorgiensis sub onere restitutionis.  |5 SNK Inc C 40 
561 |a Proveniencia: Na fóliu "3a" rukopisný exlibris: Ex libris Stephani Gersicz.; Knižnica podľa pečate na viacerých miestach, pochádza z knižnice kláštora františkánov v Skalici. Na viacerých miestach inventárne číslo z tejto knižnice: 5378.  |5 SNK Inc C 116 
562 |a Defekt: Chýba titulný list, Prologus, začiatok Tabula prvé zachované fólio je 5. list tabula, potom pokračuje zložka c (chýba fólio c8), zo zložky d chýba fólio d8, chýba celá zložka e, ďalej fólio h8 a i, ku koncu knihy chýbajú fóliá M2-M8, T2 a T7, chýbajúce strany sú doliate novým papierom.  |5 SNK Inc C 40 
562 |a Rukopisné marginálie (viacero rukopisov) v latičine a maďarčine písané čiernym a červeným atramentom.  |5 SNK Inc C 40 
562 |a Defekt: tlač začína na fóliu "3" a končí na fóliu "hh4".  |5 SNK Inc Inc C 116 
563 |a Väzba: reštaurovaná, hnedá koža.  |5 SNK Inc C 40 
563 |a Väzba: Reštaurovaná so zachovanými fragmentami na prednej a zadnej doske. Pôvodný poťah z hnedej kože s neskorogorickou výzdobou. Slepotlačová výzdoba v rámcovej kopozícií s vpadlým polom. Stredové zrkadlo zdobené kolkom v tvare kosoštvorca s florálnym motívom.  |5 SNK Inc C 116 
655 7 |a kázne  |2 SNKPH  |9 70516 
700 1 |a Gersitz, Stephanus  |4 fmo  |9 618962 
710 0 |a Rynmann, Johann (Augsburg, Nemecko),  |d 1497-1522  |4 pbl  |9 305296 
710 0 |a Gran, Heinrich (Haguenau, Francúzsko),  |d 1489-1527  |4 prt  |9 305295 
710 0 |a Farnosť sv. Juraja (Ciuc, Rumunsko)  |4 fmo  |9 618963 
710 2 |a Františkáni (Skalica, Slovensko)  |4 fmo  |9 305294 
752 |a Francúzsko  |d Haguenau 
852 |a snk  |b Historické fondy  |p Inc C 40 
852 |a snk  |b Historické fondy  |p Inc C 116 
958 |a ONDV 
999 |c 950795  |d 952725 
952 |t Inc C 116  |a SNK  |b SNK  |c SNK_HF  |y PREZ  |7 0  |p 17A1397357  |o snkInc C 116  |i snk1976/1110  |8 5  |0 0  |1 0  |4 0  |d 2021-05-06  |f 1  |l 0  |r 2026-02-24 09:47:30  |w 2026-02-24 
952 |t Inc C 40  |a SNK  |b SNK  |c SNK_HF  |y PREZ  |7 0  |p 17A1357357  |o snkInc C 40  |i snk1976/1037  |8 5  |0 0  |1 0  |4 0  |d 2020-02-25  |f 1  |l 0  |r 2026-02-24 09:47:30  |w 2026-02-24